00341 2200133 4500001002100000005001500021035002000036245006500056100002300121300001200144260003100156082000800187990001200195INLIS00000000000223420250527020020 a0010-05250005261 aKearifan Guru Bangsa Pilar Kemerdekaan /cA. Suryan Sudrajat0 aA. Suryan Sudrajat a141 hlm aJakarta :bErlangga,c2006 a813 a0712706